Statistiques concernant Culture Générale - Série 1433

Cliquez ici pour prendre le quiz!

Statistiques générales

  • Ce quiz a été pris 82 fois
  • Le résultat moyen est 6 sur 10

Statistiques - réponses

QuestionRéponse% Correct
De quel fleuve français la Saône est-elle un affluent ?Rhône
95%
Quel mot composé anglais est synonyme de "restauration rapide" ?fast-food
92%
Quel port militaire américain a été attaqué par le Japon, le 7 décembre 1941, précipitant l'entrée en guerre des États- Unis ?Pearl Harbor
87%
De quel pays la ville de Kuala Lumpur est-elle la capitale ?Malaisie
86%
Dans les années 1960-1970, dans quelle série pouvait-on entendre à chaque épisode : "Votre mission, si vous l'acceptez..." ?Mission impossible
69%
En 2018, quel pays affiche le taux de natalté le plus bas du monde ?Japon
53%
Surtout chez les timides, de quoi ont peur les éreutophobes ?rougir
31%
Comment appelle-t-on les habitants du Malawi ?Malawites
21%
Dans le film de François Truffaut de 1970, comment "l'enfant sauvage" se prénomme-t-il ?Victor
17%
En 1987, dans quel film Jean-Pierre Bacri vit-il avec son frère Mo, incarné par Jacques Villeret ?L'été en pente douce
9%

Distribution des résultats

Percentile par nombre de réponses

% des personnes avec chaque résultat

Votre développement - résultats

Vous n’avez pas pris ce quiz